000 00617aas a2200169 4500
999 _c50476
_d50476
001 768714001
003 CO-MdFUSB
005 20170911162538.0
008 170911s1993 cr ||||| |||| 00| 0 spa d
040 _aCO-MdFUSB
_bspa
_cCO-MdFUSB
_dCO-MdFUSB
041 _aspa
100 1 _aSimpson, Charles
_eautor
245 1 0 _aLa necesidad de líderes :
_bcómo convencer una peligrosa tendencia en la sociedad
_c/ Simpson, Charles
300 _aVolumen 2. Número 16 (1993), páginas 242-244
_c28 cm.
773 0 _tConquista Cristiana
_049446
_960324
_gVolumen 2. Número 16 (1993), páginas 242-244
_qPágina 242.
942 _cANA